[Event "AICF-AAI Cup 2012"]
[Site "New Delhi IND"]
[Date "2012.12.30"]
[Round "10"]
[White "Alekseev, Evgeny"]
[Black "Sasikiran, Krishnan"]
[Result "1/2-1/2"]
[WhiteElo "2691"]
[BlackElo "2676"]
[PlyCount "67"]
[EventDate "2012.12.21"]

1. e4 c6 2. d4 d5 3. Nc3 dxe4 4. Nxe4 Nd7 5. Nf3 Ngf6 6. Nxf6+ Nxf6 7. c3 Be6
8. Bd3 Bg4 9. h3 Bh5 10. O-O e6 11. Be2 Be7 12. Ne5 Bxe2 13. Qxe2 O-O 14. Rd1
Re8 15. Rd3 Nd7 16. Bf4 Nxe5 17. Bxe5 f6 18. Bg3 Qd5 19. b3 Bf8 20. Re1 Rad8
21. Re3 Kf7 22. Qc2 Kg8 23. Qe2 Kf7 24. Qc2 g6 25. Rf3 Bg7 26. Be5 Rf8 27. Qe2
Kg8 28. Bg3 Rde8 29. Re3 Kf7 30. Kh1 Bh6 31. Re4 Bg7 32. Re3 Bh6 33. Re4 Bg7
34. Re3 1/2-1/2

[Event "AICF-AAI Cup 2012"]
[Site "New Delhi IND"]
[Date "2012.12.30"]
[Round "10"]
[White "Wojtaszek, Radoslaw"]
[Black "Korobov, Anton"]
[Result "0-1"]
[WhiteElo "2734"]
[BlackElo "2702"]
[PlyCount "72"]
[EventDate "2012.12.21"]

1. d4 Nf6 2. c4 e6 3. Nf3 Bb4+ 4. Nbd2 O-O 5. a3 Be7 6. e4 d5 7. e5 Nfd7 8. Bd3
c5 9. h4 h6 10. Bb1 cxd4 11. cxd5 exd5 12. Qc2 f5 13. Nb3 Nc6 14. Bf4 Qb6 15.
Ba2 Re8 16. O-O-O Qa6 17. Kb1 Nb6 18. Nbxd4 Nxd4 19. Nxd4 Nc4 20. Rh3 Kh8 21.
Rg3 Bxh4 22. Rh3 Be7 23. e6 Bf8 24. g4 Bxe6 25. g5 Rac8 26. gxh6 g6 27. Bxc4
Rxc4 28. Be5+ Kh7 29. Qd2 Be7 30. Nf3 f4 31. Rhh1 Bg4 32. Qxd5 Be6 33. Qd2 Bg4
34. Qd5 Bf5+ 35. Ka1 Be6 36. Qd3 Rc1+ 0-1

[Event "Geneva Open 2012"]
[Site "Geneva SUI"]
[Date "2012.12.26"]
[Round "1"]
[White "Berset, Philippe"]
[Black "Bacrot, Etienne"]
[Result "0-1"]
[WhiteElo "2111"]
[BlackElo "2703"]
[PlyCount "75"]
[EventDate "2012.12.26"]

1. e4 g6 2. d4 d6 3. Nc3 Bg7 4. g3 Nc6 5. Be3 Nf6 6. h3 e5 7. Nge2 O-O 8. Bg2
exd4 9. Nxd4 Re8 10. O-O Bd7 11. Nde2 b5 12. Nxb5 Nxe4 13. Nbc3 Nxc3 14. Nxc3
Rb8 15. Rb1 a5 16. Nd5 Ne5 17. Bd4 Be6 18. f4 c6 19. fxe5 Bxd5 20. Bxd5 cxd5
21. exd6 Qxd6 22. Rf3 Re4 23. Bxg7 Kxg7 24. Qd3 Qe5 25. c3 Re2 26. Rf2 Re3 27.
Qd4 Qxd4 28. cxd4 Rxg3+ 29. Kh2 Rd3 30. Rc1 Rxd4 31. Rc7 Rf8 32. Rd7 a4 33. b3
axb3 34. axb3 Rd3 35. Rb2 Rf3 36. b4 Re8 37. b5 Ree3 38. h4 0-1

[Event "Geneva Open 2012"]
[Site "Geneva SUI"]
[Date "2012.12.28"]
[Round "4"]
[White "Bacrot, Etienne"]
[Black "Murariu, Andrei"]
[Result "1-0"]
[WhiteElo "2703"]
[BlackElo "2529"]
[PlyCount "79"]
[EventDate "2012.12.26"]

1. d4 d5 2. c4 c6 3. Nc3 Nf6 4. e3 e6 5. Nf3 Nbd7 6. Qc2 Bd6 7. Bd3 O-O 8. O-O
dxc4 9. Bxc4 b5 10. Bd3 Bb7 11. a3 a5 12. e4 e5 13. Rd1 Qc7 14. h3 Rfd8 15. Be3
exd4 16. Nxd4 Ne5 17. Bf1 Ng6 18. Nf5 Bh2+ 19. Kh1 Be5 20. Bc5 Rxd1 21. Rxd1
Rd8 22. g3 h5 23. h4 Rxd1 24. Nxd1 Qd8 25. Be2 Bc7 26. Nde3 Qd7 27. f4 Nf8 28.
Be7 N8h7 29. Bc5 g6 30. Ne7+ Kg7 31. Kh2 Bd8 32. Qd3 Qe8 33. N7f5+ gxf5 34.
Nxf5+ Kg8 35. Nd6 Qe6 36. Nxb7 Bc7 37. e5 Ng4+ 38. Bxg4 hxg4 39. Bd6 Bb6 40.
Bc5 1-0

[Event "Zurich Christmas Open 2012"]
[Site "Zuerich SUI"]
[Date "2012.12.26"]
[Round "1"]
[White "Shirov, Alexei"]
[Black "Frischmann, Rick"]
[Result "1-0"]
[WhiteElo "2708"]
[BlackElo "2183"]
[PlyCount "69"]
[EventDate "2012.12.26"]

1. d4 d5 2. c4 c6 3. Nf3 Nf6 4. Nc3 a6 5. a4 e6 6. Bg5 a5 7. e4 dxe4 8. Nxe4
Bb4+ 9. Nc3 O-O 10. Qc2 Be7 11. Be2 Qc7 12. Ne5 Na6 13. Rd1 Nb4 14. Qc1 b6 15.
h4 Bb7 16. h5 Rad8 17. h6 g6 18. O-O Ne8 19. Bf4 Qc8 20. Bg4 Qa8 21. Rfe1 Bc8
22. Bf3 Bb7 23. d5 cxd5 24. cxd5 Nf6 25. Bg5 Nbxd5 26. Nxd5 Bxd5 27. Rxd5 Rxd5
28. Qf4 Nh5 29. Bxh5 Bxg5 30. Qxg5 f6 31. Qg4 Rxe5 32. Rxe5 fxe5 33. Qxe6+ Rf7
34. Bf3 Qd8 35. Bd5 1-0

[Event "Zurich Christmas Open 2012"]
[Site "Zuerich SUI"]
[Date "2012.12.27"]
[Round "2"]
[White "Knoedler, Dieter"]
[Black "Shirov, Alexei"]
[Result "0-1"]
[WhiteElo "2342"]
[BlackElo "2708"]
[PlyCount "62"]
[EventDate "2012.12.26"]

1. c4 e5 2. g3 Nc6 3. Nc3 g6 4. Bg2 Bg7 5. d3 f5 6. e4 d6 7. Nge2 Nf6 8. O-O
O-O 9. Nd5 Nh5 10. exf5 Bxf5 11. h3 Be6 12. Be3 Qd7 13. Kh2 Nd4 14. Ng1 c6 15.
Nc3 Kh8 16. Rc1 Rae8 17. Qa4 a6 18. Ne4 b5 19. Qa3 Rd8 20. Ng5 Bg8 21. Bxd4
exd4 22. cxb5 cxb5 23. Qxa6 Bh6 24. f4 Bxg5 25. fxg5 Qe7 26. Nf3 Qe3 27. Qb6
Nxg3 28. Rfe1 Ne2 29. Rxe2 Qf4+ 30. Kh1 Qxc1+ 31. Re1 Qc5 0-1

[Event "Zurich Christmas Open 2012"]
[Site "Zuerich SUI"]
[Date "2012.12.27"]
[Round "3"]
[White "Shirov, Alexei"]
[Black "Anton Guijarro, David"]
[Result "1-0"]
[WhiteElo "2708"]
[BlackElo "2558"]
[PlyCount "43"]
[EventDate "2012.12.26"]

1. e4 c5 2. Nf3 d6 3. d4 cxd4 4. Nxd4 Nf6 5. Nc3 Bd7 6. Be2 Nc6 7. Be3 e6 8. f4
Be7 9. g4 e5 10. Nf5 O-O 11. Nxe7+ Qxe7 12. f5 Nd4 13. g5 Nxe4 14. Nxe4 Nxf5
15. Bf2 Rac8 16. O-O d5 17. Qxd5 Bc6 18. Qd3 Rfd8 19. Nf6+ gxf6 20. Qxf5 fxg5
21. Be3 h6 22. Bc4 1-0

[Event "Zurich Christmas Open 2012"]
[Site "Zuerich SUI"]
[Date "2012.12.29"]
[Round "5"]
[White "Shirov, Alexei"]
[Black "Stojanovic, Mihajlo"]
[Result "1/2-1/2"]
[WhiteElo "2708"]
[BlackElo "2566"]
[PlyCount "89"]
[EventDate "2012.12.26"]

1. e4 e6 2. d4 d5 3. Nc3 Nf6 4. e5 Nfd7 5. f4 c5 6. Nf3 Nc6 7. Be3 a6 8. Ne2
Qb6 9. Qc1 Be7 10. c3 O-O 11. g4 f6 12. Bg2 cxd4 13. Nexd4 Bc5 14. b4 Nxd4 15.
Nxd4 Bxd4 16. Bxd4 Qb5 17. a4 Qd3 18. Qd1 Qg6 19. f5 exf5 20. Bxd5+ Kh8 21.
gxf5 Qxf5 22. Rf1 Qg5 23. Qd2 Qh5 24. Qe2 Qxe2+ 25. Kxe2 Nxe5 26. Bxe5 Re8 27.
Kf2 fxe5 28. Ke3 Rb8 29. Rf7 Be6 30. Bxe6 Rxe6 31. Raf1 g6 32. Rd1 Rc6 33. Rd3
a5 34. bxa5 Rc4 35. Rdd7 Rxc3+ 36. Kf2 Ra3 37. Rxh7+ Kg8 38. Rhg7+ Kh8 39. Rh7+
Kg8 40. Rdg7+ Kf8 41. Rxg6 Rc8 42. Rh8+ Kf7 43. Rxc8 Kxg6 44. Rc4 Kf5 45. h4
1/2-1/2

[Event "Zurich Christmas Open 2012"]
[Site "?"]
[Date "2012.12.29"]
[Round "6"]
[White "Gaehler, Marco"]
[Black "Shirov, Alexei"]
[Result "0-1"]
[WhiteElo "2314"]
[BlackElo "2708"]
[PlyCount "44"]
[EventDate "2012.??.??"]

1. e4 c5 2. Ne2 Nf6 3. Nbc3 d6 4. g3 Nc6 5. Bg2 g6 6. d4 cxd4 7. Nxd4 Nxd4 8.
Qxd4 Bg7 9. Be3 O-O 10. Qd2 Ng4 11. Bd4 Bh6 12. Qd3 e5 13. Be3 Nxe3 14. fxe3
Be6 15. O-O-O Rc8 16. h4 Qb6 17. Rhe1 Rc4 18. g4 Rfc8 19. g5 Bf8 20. Bf1 Qa5
21. Kd2 b5 22. a3 Rxc3 0-1

[Event "Al-Ain Classic Open 2013"]
[Site "Al Ain"]
[Date "2013.12.19"]
[Round "1"]
[White "Jobava, Baadur"]
[Black "Hassan, Sayed Barakat"]
[Result "1-0"]
[WhiteElo "2705"]
[BlackElo "2341"]
[PlyCount "95"]
[EventDate "2013.12.19"]

1. b3 d5 2. Bb2 c5 3. e3 Nf6 4. Nf3 a6 5. Be2 Nc6 6. O-O d4 7. Re1 e6 8. a4 Bd6
9. Na3 O-O 10. Nc4 e5 11. exd4 exd4 12. c3 Bc7 13. Ba3 Re8 14. Bxc5 d3 15. Bf1
Ne4 16. Rxe4 Rxe4 17. Qb1 Bg4 18. Bxd3 Re6 19. Bxh7+ Kh8 20. Be4 Qf6 21. Be3
Rae8 22. Ng5 R6e7 23. h3 Bh5 24. Bxc6 Bg6 25. Nxf7+ Rxf7 26. Qxg6 Qxg6 27. Bxe8
b5 28. axb5 axb5 29. Na3 Qd6 30. Bxf7 Qh2+ 31. Kf1 Qh1+ 32. Ke2 Qxa1 33. Nxb5
Bd8 34. Bd5 Qa6 35. c4 Be7 36. g3 Qg6 37. h4 Qc2 38. Nd4 Qb2 39. Nc6 Ba3 40. b4
Bxb4 41. Nxb4 Qxb4 42. c5 g6 43. Kf3 Qb5 44. Kg2 Kg7 45. d4 Kf6 46. Bf3 Ke6 47.
d5+ Ke5 48. c6 1-0

[Event "Al-Ain Classic Open 2013"]
[Site "Al Ain"]
[Date "2013.12.21"]
[Round "3"]
[White "Jobava, Baadur"]
[Black "Andreev, Eduard"]
[Result "1-0"]
[WhiteElo "2705"]
[BlackElo "2508"]
[PlyCount "51"]
[EventDate "2013.12.19"]

1. d4 Nf6 2. Nc3 d5 3. Bf4 e6 4. e3 Be7 5. Bd3 c5 6. dxc5 O-O 7. Nf3 Nbd7 8. b4
Nh5 9. Rb1 a5 10. a3 Bf6 11. Nb5 Nxf4 12. exf4 axb4 13. axb4 e5 14. fxe5 Nxe5
15. Nxe5 Bxe5 16. O-O Qf6 17. f4 Bxf4 18. Qf3 Bb8 19. Qxf6 gxf6 20. Rxf6 Kg7
21. Rb6 Be5 22. Re1 Re8 23. Kf1 Bg4 24. Nd6 Re6 25. h3 Bg3 26. Rb1 1-0

[Event "37th Zurich Christmas Open 2013"]
[Site "?"]
[Date "2013.12.27"]
[Round "2"]
[White "Wojtaszek, Radoslaw"]
[Black "Klauser, Markus"]
[Result "1-0"]
[WhiteElo "2711"]
[BlackElo "2386"]
[PlyCount "35"]
[EventDate "2013.??.??"]
[SourceDate "2013.12.26"]

1. d4 Nf6 2. c4 e6 3. Nf3 b6 4. g3 Ba6 5. Qb3 d5 6. cxd5 Qxd5 7. Qc2 Bb4+ 8.
Nc3 O-O 9. Bg2 Qb5 10. Ne5 Nd5 11. O-O Bxc3 12. bxc3 Nc6 13. c4 Nxd4 14. Qd2
Qc5 15. Bb2 Nxe2+ 16. Qxe2 Rad8 17. Rac1 f6 18. Nd3 1-0

[Event "37th Zurich Christmas Open 2013"]
[Site "?"]
[Date "2013.12.27"]
[Round "3"]
[White "Mozharov, Mikhail"]
[Black "Wojtaszek, Radoslaw"]
[Result "1/2-1/2"]
[WhiteElo "2535"]
[BlackElo "2711"]
[PlyCount "51"]
[EventDate "2013.??.??"]
[SourceDate "2013.12.26"]

1. e4 c5 2. Nf3 d6 3. d4 cxd4 4. Nxd4 Nf6 5. Nc3 a6 6. Be2 e5 7. Nb3 Be7 8. Bg5
O-O 9. Bxf6 Bxf6 10. Qd3 a5 11. Nd5 a4 12. Nd2 Be6 13. Nc4 Nd7 14. Rd1 Nc5 15.
Qf3 Bxd5 16. Rxd5 Be7 17. c3 Qc7 18. O-O Nd7 19. Nxd6 Bxd6 20. Rfd1 a3 21. b3
Nc5 22. Rxd6 Nxb3 23. Rd7 Qc6 24. R7d6 Qc7 25. Rd7 Qc6 26. R7d6 1/2-1/2

[Event "Al-Ain Classic Open 2013"]
[Site "Al Ain"]
[Date "2013.12.24"]
[Round "6"]
[White "Jobava, Baadur"]
[Black "Oleksienko, Mikhailo"]
[Result "1-0"]
[WhiteElo "2705"]
[BlackElo "2622"]
[PlyCount "57"]
[EventDate "2013.12.19"]
[Source "MOST"]
[SourceDate "2013.09.08"]

1. d4 d5 2. Nc3 Nc6 3. e4 dxe4 4. d5 Ne5 5. Qd4 Ng6 6. Be3 e5 7. dxe6 Bxe6 8.
Nge2 Nf6 9. O-O-O Qxd4 10. Nxd4 Bg4 11. Bb5+ c6 12. Nxc6 a6 13. Ba4 Bxd1 14.
Rxd1 Be7 15. Nxe7+ Kxe7 16. Bc5+ Ke6 17. Ne2 Rhd8 18. Nd4+ Ke5 19. Bb6 Rdc8 20.
Ne2 Nf8 21. Bd4+ Kf5 22. Ng3+ Kg6 23. f4 exf3 24. c3 fxg2 25. Bc2+ Kg5 26. Be3+
Kg4 27. Rd4+ Kh3 28. Bf5+ Kxh2 29. Rh4+ 1-0

[Event "37th Zurich Christmas Open 2013"]
[Site "?"]
[Date "2013.12.28"]
[Round "4"]
[White "Wojtaszek, Radoslaw"]
[Black "Bogner, Sebastian"]
[Result "1-0"]
[WhiteElo "2711"]
[BlackElo "2558"]
[PlyCount "89"]
[EventDate "2013.??.??"]
[SourceDate "2013.12.26"]

1. d4 d5 2. c4 c6 3. Nf3 Nf6 4. Nc3 e6 5. e3 Nbd7 6. Bd3 Bd6 7. e4 e5 8. cxd5
cxd5 9. O-O O-O 10. exd5 exd4 11. Nxd4 Nb6 12. Nf5 Be5 13. Bg5 Bxf5 14. Bxf5
Nbxd5 15. Nxd5 Qxd5 16. Qxd5 Nxd5 17. Rad1 Nf6 18. b3 Rfd8 19. g3 h6 20. Rxd8+
Rxd8 21. Bc1 Rd5 22. Kg2 Bc3 23. Bc8 Ra5 24. Rd1 Rxa2 25. Rd8+ Kh7 26. Rf8 Bd4
27. Bf5+ g6 28. Rxf7+ Kg8 29. Bxg6 Rxf2+ 30. Kh3 h5 31. Rxb7 Ng4 32. Bxh5 Nxh2
33. Bf4 Nf3 34. Kg4 Ne5+ 35. Kg5 Kf8 36. Rb4 Bc3 37. Rb8+ Ke7 38. Re8+ Kd6 39.
Kf5 a5 40. Rc8 Bb2 41. Ke4 Rh2 42. Rd8+ Ke7 43. Re8+ Kd7 44. Rh8 Rh1 45. Be8+
1-0

[Event "Al-Ain Classic Open 2013"]
[Site "Al Ain"]
[Date "2013.12.27"]
[Round "8"]
[White "Jobava, Baadur"]
[Black "Kravtsiv, Martyn"]
[Result "0-1"]
[WhiteElo "2705"]
[BlackElo "2617"]
[PlyCount "120"]
[EventDate "2013.12.19"]

1. d4 Nf6 2. Nc3 d5 3. Bf4 e6 4. e3 Bb4 5. Nge2 O-O 6. a3 Bd6 7. Qd2 c5 8.
O-O-O Nc6 9. dxc5 Bxc5 10. Nd4 Bd7 11. Bd3 a6 12. h4 b5 13. Nce2 Be7 14. h5 b4
15. Nxc6 Bxc6 16. axb4 Qb6 17. h6 g6 18. Qc3 Qxb4 19. Qxb4 Bxb4 20. f3 Nd7 21.
e4 Nc5 22. Nd4 Bb7 23. exd5 Nxd3+ 24. Rxd3 Bxd5 25. b3 Rfe8 26. Be5 Be7 27. Bg7
f6 28. Re1 Kf7 29. Ne2 Rad8 30. Nf4 Bc6 31. Rc3 Rc8 32. Nd3 e5 33. Kb2 Bb7 34.
Rxc8 Rxc8 35. c4 g5 36. Kc3 Rd8 37. b4 Bc8 38. Ra1 g4 39. fxg4 e4 40. Nc5 e3
41. Re1 a5 42. Rxe3 axb4+ 43. Kxb4 Be6 44. g5 Rb8+ 45. Ka5 Bxc5 46. g6+ hxg6
47. Rxe6 Kxe6 48. h7 Kf7 49. h8=Q Rxh8 50. Bxh8 Bd4 51. Ka6 Kg8 52. c5 Kxh8 53.
c6 Be5 54. Kb7 Kg7 55. c7 Bxc7 56. Kxc7 Kh6 57. Kd6 Kh5 58. Ke7 f5 59. Kf6 f4
60. Ke5 g5 0-1

[Event "37th Zurich Christmas Open 2013"]
[Site "?"]
[Date "2013.12.30"]
[Round "7"]
[White "Woitaszek, Radoslaw"]
[Black "Popov, Ivan"]
[Result "1-0"]
[WhiteElo "2711"]
[BlackElo "2644"]
[PlyCount "67"]
[EventDate "2013.??.??"]
[SourceDate "2013.12.26"]

1. d4 d5 2. c4 c6 3. Nf3 Nf6 4. e3 Bg4 5. Qb3 Qb6 6. Nc3 e6 7. Nh4 Bh5 8. h3
Qxb3 9. axb3 Na6 10. g4 Nb4 11. Ke2 g5 12. gxh5 gxh4 13. Bg2 Nxh5 14. Bf3 Nf6
15. Bd2 Nd7 16. Ra5 Nb6 17. c5 Nc8 18. Rha1 Na6 19. Rxa6 bxa6 20. Rxa6 Kd7 21.
b4 Rb8 22. b5 cxb5 23. Bh5 Ke7 24. e4 b4 25. Bg5+ Ke8 26. Na4 Be7 27. Bf4 Rb5
28. Rxe6 dxe4 29. Rc6 Kd7 30. Rc7+ Ke6 31. Ke3 Rd8 32. Kxe4 f5+ 33. Kd3 Ra5 34.
b3 1-0

[Event "Bundesliga 2014-15"]
[Site "Germany GER"]
[Date "2015.02.21"]
[Round "12.2"]
[White "Swiercz, Dariusz"]
[Black "Li, Chao b"]
[Result "1/2-1/2"]
[WhiteElo "2614"]
[BlackElo "2711"]
[PlyCount "107"]
[EventDate "2014.10.18"]
[EventType "team"]
[WhiteTeam "SK Turm Emsdetten"]
[BlackTeam "SK Schwaebisch Hall"]

1. e4 e5 2. Nf3 Nf6 3. Nxe5 d6 4. Nf3 Nxe4 5. d4 d5 6. Bd3 Nc6 7. O-O Be7 8.
Nc3 Nxc3 9. bxc3 O-O 10. Re1 Bg4 11. h3 Be6 12. Bf4 Bd6 13. Qd2 Bxf4 14. Qxf4
h6 15. Ne5 Nxe5 16. Rxe5 Qd6 17. Qe3 Rac8 18. Re1 c5 19. g4 Bd7 20. Re7 c4 21.
Bf5 Bxf5 22. gxf5 Rc7 23. Rxc7 Qxc7 24. f6 Rd8 25. Kh1 Qc6 26. fxg7 Rd6 27. Qe7
Kxg7 28. Qe5+ Rf6 29. Rg1+ Kh7 30. Qb8 Rg6 31. Rxg6 Kxg6 32. Qxa7 Qe6 33. Qxb7
Qxh3+ 34. Kg1 Qg4+ 35. Kf1 Qh3+ 36. Kg1 Qxc3 37. Qc6+ Kg7 38. Qxd5 Qxc2 39.
Qe5+ Kh7 40. d5 c3 41. d6 Qd1+ 42. Kg2 Qg4+ 43. Qg3 Qxg3+ 44. fxg3 c2 45. d7
c1=Q 46. d8=Q Qc2+ 47. Kh3 Qxa2 48. Qd3+ Kg7 49. Qd4+ f6 50. Qg4+ Kf8 51. Qg6
Qe6+ 52. Kh2 Qe2+ 53. Kh3 Qf1+ 54. Kh2 1/2-1/2

[Event "Bundesliga 2014-15"]
[Site "Germany GER"]
[Date "2015.02.21"]
[Round "12.3"]
[White "Erdos, Viktor"]
[Black "Almasi, Zoltan"]
[Result "1/2-1/2"]
[WhiteElo "2621"]
[BlackElo "2695"]
[PlyCount "48"]
[EventDate "2014.10.18"]
[EventType "team"]
[WhiteTeam "SG Trier"]
[BlackTeam "USV TU Dresden"]

1. Nf3 c5 2. c4 Nf6 3. Nc3 Nc6 4. g3 g6 5. d4 cxd4 6. Nxd4 Bg7 7. Bg2 O-O 8.
O-O Qa5 9. Nc2 Qh5 10. e4 Qxd1 11. Rxd1 d6 12. b3 Be6 13. Bb2 Rfc8 14. Rd2 a6
15. Ne3 Nd7 16. f4 Nc5 17. Ncd5 Bxb2 18. Rxb2 Nd7 19. Rc1 Rab8 20. Rd2 Kf8 21.
Rdc2 Nd4 22. Rd2 Nc6 23. Rdc2 Nd4 24. Rd2 Nc6 1/2-1/2

[Event "Bundesliga 2014-15"]
[Site "Germany GER"]
[Date "2015.02.21"]
[Round "12.4"]
[White "Rapport, Richard"]
[Black "Mista, Aleksander"]
[Result "1-0"]
[WhiteElo "2720"]
[BlackElo "2616"]
[PlyCount "113"]
[EventDate "2014.10.18"]
[EventType "team"]
[WhiteTeam "SV 1930 Hockenheim"]
[BlackTeam "SF Berlin 1903"]

1. e4 e5 2. Nf3 Nc6 3. Bb5 a6 4. Ba4 Nf6 5. Qe2 b5 6. Bb3 Be7 7. c3 d6 8. O-O
O-O 9. Rd1 Na5 10. Bc2 c5 11. d4 Qc7 12. d5 Bd7 13. b3 Ne8 14. a4 bxa4 15. bxa4
g6 16. Bh6 Ng7 17. Na3 Bg4 18. h3 Bxf3 19. Qxf3 Rfb8 20. Rab1 Rxb1 21. Rxb1 Rb8
22. Qd1 Ne8 23. Bd3 Rb6 24. Qf1 Nf6 25. Kh2 Qa7 26. Ra1 Ne8 27. Nc4 Nxc4 28.
Bxc4 Nc7 29. f4 exf4 30. Qxf4 Ne8 31. e5 g5 32. Bxg5 dxe5 33. Qh4 Bf8 34. Rf1
Rd6 35. Bd3 h6 36. Be3 Qc7 37. c4 Bg7 38. Kh1 Rb6 39. Bd2 Rd6 40. Qe4 Rf6 41.
Rxf6 Nxf6 42. Qh4 h5 43. Bg5 Qb6 44. a5 Qd6 45. Bf5 Kf8 46. Qf2 Kg8 47. Qg3 Ne8
48. Qf3 Qc7 49. Qxh5 Qxa5 50. Qh4 Qa1+ 51. Kh2 Qd4 52. Bh7+ Kh8 53. Be4+ Kg8
54. Be7 f6 55. Qg4 Qf2 56. d6 Nxd6 57. Bxd6 1-0

[Event "Bundesliga 2014-15"]
[Site "Germany GER"]
[Date "2015.02.21"]
[Round "12.7"]
[White "Fier, Alexandr"]
[Black "Harikrishna, Pentala"]
[Result "1/2-1/2"]
[WhiteElo "2589"]
[BlackElo "2727"]
[PlyCount "104"]
[EventDate "2014.10.18"]
[EventType "team"]
[WhiteTeam "SF Katernberg"]
[BlackTeam "SC Eppingen"]

1. d4 Nf6 2. c4 e6 3. Nc3 Bb4 4. e3 O-O 5. Nge2 Re8 6. a3 Bf8 7. Ng3 d5 8. Be2
c5 9. dxc5 dxc4 10. O-O Bxc5 11. Bxc4 Qxd1 12. Rxd1 Nbd7 13. Nge4 Be7 14. Be2
Nb6 15. Nxf6+ Bxf6 16. Nb5 Rf8 17. Bf3 Bd7 18. Nd6 Ba4 19. Re1 Rab8 20. Nxb7
Nd7 21. Bd2 Ne5 22. Nc5 Rxb2 23. Bb4 Bc6 24. Bxc6 Nxc6 25. Nd7 Nxb4 26. Nxf6+
gxf6 27. axb4 Rc8 28. Rxa7 Rcc2 29. Rf1 Rxb4 30. Raa1 f5 31. Rac1 Rcb2 32. g3
Kg7 33. Kg2 R4b3 34. Kf3 Kg6 35. h3 e5 36. g4 f4 37. Rc6+ Kg7 38. Ke4 Re2 39.
Kf3 Ra2 40. g5 Ra4 41. Rf6 h6 42. h4 fxe3 43. fxe3 Rxh4 44. Kg3 Rf4 45. R6xf4
exf4+ 46. Kxf4 h5 47. Ra1 Rb8 48. Ra6 Rh8 49. Kg3 h4+ 50. Kh3 Re8 51. Kxh4 Rxe3
52. Kg4 Rb3 1/2-1/2

[Event "Bundesliga 2014-15"]
[Site "Germany GER"]
[Date "2015.02.21"]
[Round "12.8"]
[White "Donchenko, Alexander"]
[Black "Aronian, Levon"]
[Result "1/2-1/2"]
[WhiteElo "2501"]
[BlackElo "2793"]
[PlyCount "83"]
[EventDate "2014.10.18"]
[EventType "team"]
[WhiteTeam "SC Hansa Dortmund"]
[BlackTeam "OSG Baden-Baden"]

1. Nf3 f5 2. d4 d6 3. g3 g6 4. b3 Bg7 5. Bb2 Nh6 6. c4 O-O 7. Nc3 e6 8. Bg2 c6
9. O-O e5 10. dxe5 dxe5 11. e4 Na6 12. Ba3 Qxd1 13. Raxd1 Re8 14. Rfe1 Nf7 15.
Bh3 Bf8 16. Bxf8 Kxf8 17. a3 Nc5 18. b4 fxe4 19. Bxc8 exf3 20. Bg4 Nb3 21. Bxf3
Nd4 22. Be4 a5 23. b5 Rad8 24. bxc6 bxc6 25. c5 Ng5 26. Kg2 Nxe4 27. Nxe4 Nc2
28. Rh1 Nxa3 29. Nf6 Rxd1 30. Rxd1 Re7 31. Ra1 Nc4 32. Ra4 Nd2 33. Rxa5 Kg7 34.
Ra2 Kxf6 35. Rxd2 e4 36. Rd6+ Re6 37. Rd7 h5 38. Kf1 Kf5 39. Rf7+ Ke5 40. Rd7
Kf5 41. Rf7+ Ke5 42. Rd7 1/2-1/2

[Event "Bundesliga 2014-15"]
[Site "Germany GER"]
[Date "2015.02.21"]
[Round "12.8"]
[White "Bacrot, Etienne"]
[Black "Henrichs, Thomas"]
[Result "1-0"]
[WhiteElo "2719"]
[BlackElo "2492"]
[PlyCount "53"]
[EventDate "2014.10.18"]
[EventType "team"]
[WhiteTeam "OSG Baden-Baden"]
[BlackTeam "SC Hansa Dortmund"]

1. d4 Nf6 2. c4 e6 3. Nf3 d5 4. Nc3 Bb4 5. Qb3 c5 6. dxc5 Nc6 7. Bg5 dxc4 8.
Qxc4 Qa5 9. Bxf6 gxf6 10. Rc1 Qxc5 11. Qh4 Ke7 12. g3 Qa5 13. a3 Bxc3+ 14. Rxc3
Qb6 15. b3 Bd7 16. Bg2 Rac8 17. O-O Qa6 18. Nd2 e5 19. f4 Nd4 20. Rxc8 Nf5 21.
Rxh8 Nxh4 22. gxh4 Qxe2 23. Rf2 Qe1+ 24. Bf1 e4 25. Nxe4 Bb5 26. Ng3 Qb1 27. b4
1-0

[Event "Bundesliga 2014-15"]
[Site "Germany GER"]
[Date "2015.02.21"]
[Round "12.8"]
[White "Naiditsch, Arkadij"]
[Black "Wegener, Olaf"]
[Result "0-1"]
[WhiteElo "2710"]
[BlackElo "2441"]
[PlyCount "94"]
[EventDate "2014.10.18"]
[EventType "team"]
[WhiteTeam "OSG Baden-Baden"]
[BlackTeam "SC Hansa Dortmund"]

1. c4 c5 2. Nc3 Nc6 3. g3 g6 4. Bg2 Bg7 5. Nf3 e6 6. O-O Nge7 7. d4 cxd4 8. Nb5
O-O 9. Nbxd4 d5 10. Be3 dxc4 11. Rc1 Na5 12. Qd2 Nd5 13. Bh6 c3 14. bxc3 Nc4
15. Qg5 Qxg5 16. Bxg5 h6 17. Bf4 g5 18. Nd2 gxf4 19. Nxc4 fxg3 20. hxg3 Nxc3
21. Rxc3 Bxd4 22. Rd3 Bf6 23. Rb1 Rb8 24. Ra3 b5 25. Rxa7 Bd4 26. Ra5 b4 27. e3
Bc3 28. Ra7 Rd8 29. Rc7 Ba6 30. Na5 Bd3 31. Rc1 Bb5 32. Bf3 Rd7 33. Rc5 Ra7 34.
Nb3 Rxa2 35. Rc7 Ra3 36. Bd1 Rd8 37. Bc2 Ba4 38. Nd4 Bxd4 39. Bxa4 Bf6 40. Bd1
b3 41. Bh5 Rf8 42. Rb7 b2 43. Rf1 Ra5 44. g4 Raa8 45. Rb1 Ra1 46. Rf1 Be5 47.
f4 Rb8 0-1

[Event "Bundesliga 2014-15"]
[Site "Germany GER"]
[Date "2015.02.21"]
[Round "12.8"]
[White "Zelbel, Patrick"]
[Black "Vallejo Pons, Francisco"]
[Result "1/2-1/2"]
[WhiteElo "2418"]
[BlackElo "2716"]
[PlyCount "80"]
[EventDate "2014.10.18"]
[EventType "team"]
[WhiteTeam "SC Hansa Dortmund"]
[BlackTeam "OSG Baden-Baden"]

1. e4 e6 2. d4 d5 3. Nd2 Nf6 4. e5 Nfd7 5. Bd3 c5 6. c3 Nc6 7. Ne2 Qb6 8. Nf3
cxd4 9. cxd4 Qb4+ 10. Bd2 Qxb2 11. O-O Qb6 12. Rb1 Qd8 13. Qc2 h6 14. Nf4 Be7
15. Nh5 Kf8 16. Bb5 Nb6 17. a4 Bd7 18. a5 Nc4 19. Bxc4 dxc4 20. Rxb7 Bc8 21.
Rbb1 Ba6 22. Qe4 c3 23. Rfd1 cxd2 24. Qxc6 Bd3 25. Ra1 Rc8 26. Qb7 Rc7 27. Qb2
Be2 28. Rxd2 Bxf3 29. gxf3 g6 30. Nf6 Bxf6 31. exf6 Qxf6 32. Qb8+ Kg7 33. Qxc7
Qg5+ 34. Qg3 Qxd2 35. Qe5+ Kh7 36. Rb1 Qd3 37. Qe4 Qa6 38. d5 exd5 39. Qxd5 Rf8
40. Rb7 Kg8 1/2-1/2

[Event "Bundesliga 2014/15"]
[Site "Solingen GER"]
[Date "2014.10.18"]
[Round "1"]
[White "Jakovenko, Dmitry"]
[Black "Navara, David"]
[Result "1/2-1/2"]
[WhiteElo "2747"]
[BlackElo "2718"]
[PlyCount "74"]
[EventDate "2014.10.18"]
[EventType "team"]
[WhiteTeam "SK Schwaebisch Hall"]
[BlackTeam "SV Muelheim Nord"]

1. Nf3 d5 2. d4 Nf6 3. c4 c6 4. e3 Bg4 5. h3 Bxf3 6. Qxf3 e6 7. Nc3 Nbd7 8. Bd2
Bb4 9. Bd3 O-O 10. a3 Bxc3 11. Bxc3 Re8 12. O-O e5 13. dxe5 Nxe5 14. Bxe5 Rxe5
15. Rfd1 Qe7 16. cxd5 Rxd5 17. Bc4 Rdd8 18. Rxd8+ Rxd8 19. Rd1 g6 20. Rxd8+
Qxd8 21. g4 h6 22. Qf4 Kg7 23. Kg2 Qe7 24. h4 c5 25. a4 b6 26. b3 Qb7+ 27. f3
Qe7 28. e4 Nh7 29. h5 Nf8 30. Qb8 g5 31. Qc8 Ne6 32. Bxe6 Qxe6 33. Qxe6 fxe6
34. e5 a6 35. Kf2 b5 36. axb5 axb5 37. Ke3 Kf7 1/2-1/2

[Event "Bundesliga 2014/15"]
[Site "Solingen GER"]
[Date "2014.10.19"]
[Round "2"]
[White "Navara, David"]
[Black "Bischoff, Klaus"]
[Result "1-0"]
[WhiteElo "2718"]
[BlackElo "2504"]
[PlyCount "71"]
[EventDate "2014.10.18"]
[EventType "team"]
[WhiteTeam "SV Muelheim Nord"]
[BlackTeam "FC Bayern Muenchen"]

1. e4 e6 2. d4 d5 3. Nd2 Nf6 4. e5 Nfd7 5. c3 c5 6. Bd3 Nc6 7. Ne2 a5 8. O-O
Be7 9. f4 cxd4 10. cxd4 Nb6 11. Nf3 Bd7 12. g4 a4 13. f5 Nb4 14. Ng3 Nxd3 15.
Qxd3 g6 16. Bh6 Rg8 17. f6 Bb4 18. Ng5 Nc4 19. a3 Bf8 20. Bxf8 Rxf8 21. Nxh7
Rh8 22. Ng5 Qb6 23. Rf2 Ra5 24. N3e4 dxe4 25. Qxc4 Rd5 26. Rd1 e3 27. Re2 Bc6
28. Qc3 Rb5 29. d5 exd5 30. e6 d4 31. exf7+ Kf8 32. Rxd4 Rxg5 33. Qxe3 Rxg4+
34. Rxg4 Qxe3+ 35. Rxe3 Kxf7 36. Rf4 1-0